National Forests of California on a Map - Statistics

General Stats
  • This quiz has been taken 117 times
  • The average score is 13 of 20
Answers on the Map
Answers color-coded by a green-red scale on the quiz's map according to % correct below.
 
Answer Stats
Answer % Correct
Inyo
87%
Shasta-Trinity
85%
Sequoia
83%
Angeles
81%
Lassen
81%
Lake Tahoe Basin
79%
San Bernardino
77%
Sierra
69%
Tahoe
69%
Humboldt-Toiyabe
65%
Klamath
65%
Stanislaus
65%
Mendocino
63%
Eldorado
60%
Modoc
58%
Cleveland
56%
Rogue River-Siskiyou
56%
Los Padres
52%
Plumas
52%
Six Rivers
46%
No matching quizzes found
Score Distribution
Percent of People with Each Score
Percentile by Number Answered
Your Score History
You have not taken this quiz